Answers End in "-ania" - Statistics

General Stats
  • This quiz has been taken 48 times
  • The average score is 10 of 16
Answer Stats
Hint Answer % Correct
A compulsion to steal kleptomania
91%
Region where Dracula is from Transylvania
91%
The First Lady Melania
77%
A compulsion to set things on fire pyromania
77%
Where Australia is Oceania
74%
European country Romania
74%
European country Albania
72%
Musical hysteria (1963–66) Beatlemania
68%
American state Pennsylvania
68%
British ocean liner sunk in 1915 Lusitania
62%
European country Lithuania
53%
African country Tanzania
53%
African country Mauritania
47%
The largest moon of Uranus Titania
43%
Vampire-hunting Nintendo game Castlevania
34%
Being obsessed with one thing monomania
28%
No matching quizzes found
Score Distribution
Percent of People with Each Score
Percentile by Number Answered
Your Score History
You have not taken this quiz